01279nam a2200361 a 450000100060000000300080000600500170001400600190003100700150005000800410006502000180010603500230012403500240014703500250017103500220019604000260021805000230024408000110026708200150027810000310029324501210032426000390044530000110048453301640049565000450065965000250070465000400072965000230076965500270079271000190081985600620083899900170090033942FlNmELB20241216220850.0m o d | cr cn|||||||||201212r2012 sp |||||s|||||||||||spa d z9788496491526 a(MiAaPQ)EBC3204578 a(Au-PeEL)EBL3204578 a(CaPaEBR)ebr10625757 a(OCoLC)1010559136 aFlNmELBbspacFlNmELB 4aP302.84bG216 2012 a801.5604a401.412221 aGarcía Gómez, Antonio.10aHabla conflictiva como acción socialh[recurso electronico] :bdiscurso y cognición /cAntonio García Gómez. aOviedo :bSeptem Ediciones,c2012. a150 p. aRecurso electrónico. Santa Fe, Arg.: e-libro, 2015. Disponible vía World Wide Web. El acceso puede estar limitado para las bibliotecas afiliadas a e-libro. 4aAnálisis del discursoxAspecto social. 4aPsicología social. 0aDiscourse analysisxSocial aspects. 0aSocial psychology. 4aLibros electrónicos.2 ae-libro, Corp.40uhttps://elibro.net/ereader/politecnicointernacional/59361 c33942d33942